Music Quiz

Random Music or Bands Quiz

Rock Artists by Words from Song Titles Quiz Stats

 Plays Quiz Updated Apr 10, 2014

Also try: Name That Musician
Challenge
Share
Tweet
Embed
Score 0/40 Timer 07:00
2 Plays Today
Words from Song Titles Rock Artist % Correct
Ruby, Cloud, SatisfactionThe Rolling Stones
93.3%
Rhapsody, Crazy, DustQueen
89.5%
Hound, Shook, JailhouseElvis Presley
86.8%
Wall, Numb, MoneyPink Floyd
80.2%
Barbara, Vibrations, CoupeBeach Boys
78.8%
Baba, Generation, JackThe Who
78.2%
Idiot, Riddance, BoulevardGreen Day
77.9%
Corvette, U, PurplePrince
77.6%
Blowin', Watchtower, TambourineBob Dylan
77.2%
Smells, Territorial, ShapedNirvana
76.3%
London, Casbah, HellThe Clash
74.6%
End, Orange, ReligionR.E.M.
73.6%
Witchy, California, HeartacheEagles
69.9%
Viva, Brothers, ClocksColdplay
68.6%
Sheriff, Redemption, CryBob Marley
66.6%
Black, Balls, CheapAC/DC
65.6%
Sedated, Lobotomy, BlitzkriegRamones
63.2%
Lobster, Shack, QuicheB-52s
62.9%
Legs, Maggie, SexyRod Stewart
62.8%
Magic, Message, BreathThe Police
60%
Words from Song Titles Rock Artist % Correct
Anarchy, Vacant, QueenSex Pistols
59.3%
Run, Cadillac, GloryBruce Springsteen
59.1%
Clarksville, Believer, TapiocaThe Monkees
57.5%
Hungry, Rio, ReflexDuran Duran
56.9%
Harlem, God's, SundayU2
56.6%
Bird, Alabama, ThreeLynyrd Skynyrd
56.3%
Eighteen, School's, BillionAlice Cooper
53%
Runnin', Jamie's, TeacherVan Halen
50.8%
Glass, Tide, CallBlondie
49.4%
Attic, Dream, SaddleAerosmith
44.4%
Oughta, Feet, PocketAlanis Morissette
40.3%
Psycho, Burning, FloppyTalking Heads
40.1%
Christine, Diamond, BethKiss
39.6%
Eagle, Airliner, JungleSteve Miller
37.3%
Genie, Panic, RebelDavid Bowie
36.7%
Lips, Beat, VacationThe Go-Go's
32%
Accidents, Alison, PumpElvis Costello
26.1%
Fatale, Pale, JaneVelvet Underground
17.1%
Needed, Friend's, ShakeThe Cars
14.9%
Fools, Sharp!, Steppin'Joe Jackson
11.7%

You're not logged in!

Compare scores with friends on all Sporcle quizzes.
Join for Free
OR
Log In

You Might Also Like...

Show Comments

Extras

Top Quizzes Today


Score Distribution

Your Account Isn't Verified!

In order to create a playlist on Sporcle, you need to verify the email address you used during registration. Go to your Sporcle Settings to finish the process.

Report this User

Report this user for behavior that violates our Community Guidelines.

Details: